00759 2200253 4500001002100000005001500021035002000036007000300056008004100059020002200100082001200122084001900134100002200153245013000175260003100305300003600336650001900372700002500391700001200416700002300428520003000451990001200481990001200493INLIS00000000000187120180406095522 a0010-0418000028ta180406 g 0 ind  a978-602-251-561-6 a633.183 a633.183 NAI t0 aNAINGGOLAN, Kaman1 aTeknologi Melipatgandakan Produksi Padi Nasional /cKaman Nainggolan, Indra Mukti Harahap, Erdiman; editor, Anjelita Noverina aJakarta :bGrasindo,c2014 axx, 147 hlm. :bilus. ;c23 cm. aPADI-PENANAMAN0 aHARAHAP, Indra Mukti0 aERDIMAN0 aANJELITA, Noverina abibliografi: hlm. 143-147 a16582 a a16582 b